000 00381nam a2200169Ia 4500
008 170705s9999 xx 000 0 und d
020 _a439384095
245 _aD.W. rides again! /
245 _cMarc Brown.
260 _aNew York :
260 _bScholastic,
260 _c1993
300 _aunpaged :
300 _bcolor illustration ;
300 _c20cm.
500 _a310
999 _c335531
_d335531